[Event "GER OS-377 email"]
[Site "GER email"]
[Date "2019.06.01"]
[Round "?"]
[White "Guenther, Rainer"]
[Black "Ramus, Norbert"]
[Result "1-0"]
[WhiteElo "1287"]
[BlackElo "1389"]
[PlyCount "49"]
[EventDate "2019.06.09"]
[EventType "tourn (corr)"]
[EventRounds "6"]
[EventCountry "GER"]
[SourceTitle "Corr 2022"]
[Source "ChessBase"]
[SourceDate "2021.10.24"]
[SourceVersion "1"]
[SourceVersionDate "2021.10.24"]
[SourceQuality "1"]

1. e4 c5 2. Nf3 d6 3. d4 cxd4 4. Nxd4 Nf6 5. Nc3 a6 6. Bg5 e6 7. Be2 Be7 8. Qd3 Nbd7 9. Nb3 0-0 10. f4 h6 11. Bh4 Nc5 12. Nxc5 dxc5 13. 0-0-0 Qxd3 14. Rxd3 Re8 15. Rhd1 Nd7 16. Bf2 Nf6 17. e5 Nd5 18. Nxd5 exd5 19. Rxd5 Be6 20. c4 Bxd5 21. cxd5 Rad8 22. Bf3 Rb8 23. d6 Bd8 24. Kb1 Bb6 25. b4 1-0

[Event "GER OS-377 email"]
[Site "GER email"]
[Date "2019.06.01"]
[Round "?"]
[White "Kunze, Juergen"]
[Black "Ramus, Norbert"]
[Result "1-0"]
[WhiteElo "2038"]
[BlackElo "1389"]
[PlyCount "73"]
[EventDate "2019.06.09"]
[EventType "tourn (corr)"]
[EventRounds "6"]
[EventCountry "GER"]
[SourceTitle "Corr 2022"]
[Source "ChessBase"]
[SourceDate "2021.10.24"]
[SourceVersion "1"]
[SourceVersionDate "2021.10.24"]
[SourceQuality "1"]

1. e4 c6 2. d4 d5 3. Nd2 dxe4 4. Nxe4 Bf5 5. Ng3 Bg6 6. h4 h6 7. Nf3 Nd7 8. h5 Bh7 9. Bd3 Bxd3 10. Qxd3 e6 11. Bd2 Ngf6 12. 0-0-0 Qc7 13. Ne4 0-0-0 14. Nxf6 Nxf6 15. Qe2 Bd6 16. g3 Rhe8 17. c4 c5 18. Bc3 cxd4 19. Nxd4 a6 20. Kb1 Re7 21. Rc1 Be5 22. Nb5 Bxc3 23. Nxc7 Rd2 24. Rhe1 Rxb2+ 25. Qxb2 Bxb2 26. Nd5 Nxd5 27. Kxb2 Nb4 28. Rcd1 Kc7 29. f4 Nc6 30. Kc3 Re8 31. g4 a5 32. Rd2 Rd8 33. Rxd8 Kxd8 34. g5 hxg5 35. fxg5 Ne7 36. h6 gxh6 37. gxh6 1-0

[Event "GER OS-376 email"]
[Site "GER email"]
[Date "2019.05.19"]
[Round "?"]
[White "Ramus, Norbert"]
[Black "Over, Norbert"]
[Result "0-1"]
[WhiteElo "1341"]
[BlackElo "1772"]
[PlyCount "74"]
[EventDate "2019.05.28"]
[EventType "tourn (corr)"]
[EventRounds "6"]
[EventCountry "GER"]
[SourceTitle "Corr 2022"]
[Source "ChessBase"]
[SourceDate "2021.10.24"]
[SourceVersion "1"]
[SourceVersionDate "2021.10.24"]
[SourceQuality "1"]

1. d4 Nf6 2. Nf3 g6 3. c4 Bg7 4. Nc3 d5 5. Bg5 Ne4 6. cxd5 Nxg5 7. Nxg5 e6 8. Nf3 exd5 9. e3 a5 10. Be2 0-0 11. 0-0 c6 12. a3 Qd6 13. Na4 Bf5 14. Qd2 Nd7 15. Rfc1 Rfe8 16. Bd3 Bg4 17. Be2 Nf6 18. Nc3 Ne4 19. Nxe4 dxe4 20. Ne1 Be6 21. g3 a4 22. Nc2 b6 23. Nb4 c5 24. Nc2 Bb3 25. Bb5 Red8 26. Rab1 h5 27. h4 g5 28. hxg5 h4 29. gxh4 Qe6 30. Qe2 Ra5 31. Na1 Rxb5 32. Qxb5 cxd4 33. Nxb3 Qg4+ 34. Kf1 dxe3 35. fxe3 Qf3+ 36. Kg1 Qxe3+ 37. Kf1 Qf4+ 0-1

[Event "GER OS-371 email"]
[Site "GER email"]
[Date "2019.03.28"]
[Round "?"]
[White "Ramus, Norbert"]
[Black "Guenther, Rainer"]
[Result "1-0"]
[WhiteElo "1389"]
[BlackElo "1287"]
[PlyCount "123"]
[EventDate "2019.04.05"]
[EventType "tourn (corr)"]
[EventRounds "6"]
[EventCountry "GER"]
[SourceTitle "Corr 2022"]
[Source "ChessBase"]
[SourceDate "2021.10.24"]
[SourceVersion "1"]
[SourceVersionDate "2021.10.24"]
[SourceQuality "1"]

1. d4 Nf6 2. Nf3 g6 3. c4 Bg7 4. Nc3 d5 5. Bg5 0-0 6. Bxf6 Bxf6 7. cxd5 c6 8. dxc6 Nxc6 9. e3 Bg4 10. Be2 Qb6 11. Qb3 Qxb3 12. axb3 Nb4 13. Kd2 Rfd8 14. h3 Bc8 15. Rhc1 e5 16. Ke1 exd4 17. Nxd4 Bxd4 18. exd4 Rxd4 19. Nb5 Re4 20. Rxa7 Nd3+ 21. Kf1 Nxc1 22. Rxa8 Nxe2 23. Nd6 Re6 24. Rxc8+ Kg7 25. Nxb7 Nd4 26. Na5 Rb6 27. Rc3 Rb5 28. Rd3 Ne6 29. Nc4 Rb4 30. Rc3 Nd4 31. Nd2 Kf6 32. Rc4 Rxc4 33. bxc4 Ke5 34. b4 Kd6 35. Ne4+ Kc6 36. Ng5 Nc2 37. Nxf7 Nxb4 38. Ng5 h5 39. Nf7 Kc5 40. Ne5 g5 41. Ke2 Kd4 42. Nf3+ Kxc4 43. Nxg5 Nd5 44. Ne6 Nf6 45. Ke3 Kd5 46. Ng7 Ke5 47. f4+ Kd5 48. Kf3 Kd4 49. g4 hxg4+ 50. hxg4 Kd5 51. g5 Ng8 52. Nf5 Ke6 53. Ke4 Kf7 54. Ke5 Kg6 55. Ke6 Kh7 56. Kf7 Kh8 57. Ne7 Nxe7 58. Kxe7 Kg7 59. f5 Kg8 60. f6 Kh7 61. f7 Kg6 62. f8Q 1-0

[Event "GER OS-370 email"]
[Site "GER email"]
[Date "2019.03.25"]
[Round "?"]
[White "Ramus, Norbert"]
[Black "Arns, Werner"]
[Result "1-0"]
[WhiteElo "1385"]
[BlackElo "1232"]
[PlyCount "57"]
[EventDate "2019.03.31"]
[EventType "tourn (corr)"]
[EventRounds "6"]
[EventCountry "GER"]
[SourceTitle "Corr 2022"]
[Source "ChessBase"]
[SourceDate "2021.10.24"]
[SourceVersion "1"]
[SourceVersionDate "2021.10.24"]
[SourceQuality "1"]

1. d4 g6 2. Nf3 Bg7 3. e3 d6 4. Be2 Nf6 5. 0-0 0-0 6. c4 Nc6 7. Nc3 e5 8. d5 Nb4 9. e4 c5 10. Ne1 Nxe4 11. Nxe4 Bf5 12. f3 Qa5 13. Nxd6 Bd7 14. Be3 b6 15. a3 Na6 16. Nb7 Qxe1 17. Qxe1 Rab8 18. Nd6 Rbd8 19. Qh4 h6 20. Bxh6 f5 21. Bxg7 Kxg7 22. Qe7+ Kg8 23. Nb7 Rfe8 24. Qf6 Rb8 25. Nd6 Rf8 26. Qxg6+ Kh8 27. Nf7+ Rxf7 28. Qxf7 Rd8 29. Qf6+ 1-0

[Event "GER OS-370 email"]
[Site "GER email"]
[Date "2019.03.25"]
[Round "?"]
[White "Ramus, Norbert"]
[Black "Kunze, Juergen"]
[Result "0-1"]
[WhiteElo "1385"]
[BlackElo "2010"]
[PlyCount "34"]
[EventDate "2019.03.31"]
[EventType "tourn (corr)"]
[EventRounds "6"]
[EventCountry "GER"]
[SourceTitle "Corr 2022"]
[Source "ChessBase"]
[SourceDate "2021.10.24"]
[SourceVersion "1"]
[SourceVersionDate "2021.10.24"]
[SourceQuality "1"]

1. Nf3 d5 2. d4 Nf6 3. e3 e6 4. Bd3 b6 5. 0-0 Bb7 6. b3 Bd6 7. Bb2 0-0 8. Nbd2 Ne4 9. c4 Qe7 10. Qc2 f5 11. Rac1 Na6 12. Qb1 Nxd2 13. Nxd2 dxc4 14. bxc4 Bxh2+ 15. Kxh2 Qh4+ 16. Kg1 Bxg2 17. f4 Qg3 0-1

[Event "GER OS-369 email"]
[Site "GER email"]
[Date "2019.03.17"]
[Round "?"]
[White "Kunze, Juergen"]
[Black "Ramus, Norbert"]
[Result "1-0"]
[WhiteElo "1980"]
[BlackElo "1342"]
[PlyCount "77"]
[EventDate "2019.03.26"]
[EventType "tourn (corr)"]
[EventRounds "6"]
[EventCountry "GER"]
[SourceTitle "Corr 2022"]
[Source "ChessBase"]
[SourceDate "2021.10.24"]
[SourceVersion "1"]
[SourceVersionDate "2021.10.24"]
[SourceQuality "1"]

1. c4 c5 2. Nf3 Nf6 3. d4 cxd4 4. Nxd4 e5 5. Nb5 d5 6. cxd5 Bc5 7. N5c3 0-0 8. e3 e4 9. Be2 Qe7 10. Nd2 Rd8 11. a3 Nxd5 12. Nxd5 Rxd5 13. Qc2 Bf5 14. b4 Bb6 15. Bb2 Nc6 16. 0-0 Qg5 17. Nc4 Bc7 18. Rfd1 Rad8 19. Rxd5 Rxd5 20. Rd1 Rxd1+ 21. Bxd1 Qh6 22. g3 Qe6 23. Qc3 f6 24. Bb3 Kh8 25. Na5 Be5 26. Qc5 Qd6 27. Qxd6 Bxd6 28. Nxb7 Bc7 29. Bc3 h6 30. Nc5 Bd6 31. Bd5 Ne7 32. Bxe4 Bxc5 33. Bxf5 Bxe3 34. fxe3 Nxf5 35. Bd4 Nd6 36. Bc5 Nb5 37. a4 Nc3 38. Bxa7 Nxa4 39. Bd4 1-0

[Event "GER OS-369 email"]
[Site "GER email"]
[Date "2019.03.17"]
[Round "?"]
[White "Ramus, Norbert"]
[Black "Guenther, Rainer"]
[Result "0-1"]
[WhiteElo "1342"]
[BlackElo "1323"]
[PlyCount "36"]
[EventDate "2019.03.26"]
[EventType "tourn (corr)"]
[EventRounds "6"]
[EventCountry "GER"]
[SourceTitle "Corr 2022"]
[Source "ChessBase"]
[SourceDate "2021.10.24"]
[SourceVersion "1"]
[SourceVersionDate "2021.10.24"]
[SourceQuality "1"]

1. Nf3 b5 2. g3 Bb7 3. Bg2 e6 4. 0-0 Nf6 5. d3 Be7 6. e4 d6 7. Nbd2 0-0 8. Re1 c5 9. a4 b4 10. b3 Nbd7 11. Bb2 a5 12. Nc4 d5 13. exd5 Bxd5 14. Qe2 Ra6 15. Nfe5 Bxg2 16. Kxg2 Nd5 17. Nxf7 Rxf7 18. Qxe6 Rxe6 0-1

[Event "GER OS-368 email"]
[Site "GER email"]
[Date "2019.03.08"]
[Round "?"]
[White "Guenther, Rainer"]
[Black "Ramus, Norbert"]
[Result "0-1"]
[WhiteElo "1323"]
[BlackElo "1342"]
[PlyCount "84"]
[EventDate "2019.03.17"]
[EventType "tourn (corr)"]
[EventRounds "6"]
[EventCountry "GER"]
[SourceTitle "Corr 2022"]
[Source "ChessBase"]
[SourceDate "2021.10.24"]
[SourceVersion "1"]
[SourceVersionDate "2021.10.24"]
[SourceQuality "1"]

1. e4 e6 2. d4 d5 3. Nd2 Nf6 4. e5 Nfd7 5. f4 c5 6. Ndf3 Nc6 7. c3 Qb6 8. Qb3 Qxb3 9. axb3 cxd4 10. cxd4 Nb4 11. Kf2 Nb6 12. g4 Be7 13. Kg3 Bd7 14. Ne2 Rc8 15. Nc3 a6 16. Bd2 0-0 17. Be2 Rc7 18. Rhc1 Rfc8 19. h4 Nc6 20. g5 Bb4 21. h5 g6 22. hxg6 fxg6 23. Be3 Na5 24. Bd1 Nxb3 25. Bxb3 Bxc3 26. bxc3 Rxc3 27. Rxc3 Rxc3 28. Bxd5 Nxd5 29. Bd2 Rd3 30. Rc1 Bc6 31. Kf2 Nxf4 32. Rxc6 bxc6 33. Bxf4 a5 34. Ke2 Rb3 35. Nd2 Rb4 36. Kd3 a4 37. Kc3 c5 38. Be3 a3 39. Nb3 a2 40. Na1 Rb1 41. dxc5 Rxa1 42. Kb2 Re1 0-1

[Event "GER OS-368 email"]
[Site "GER email"]
[Date "2019.03.08"]
[Round "?"]
[White "Kunze, Juergen"]
[Black "Ramus, Norbert"]
[Result "1-0"]
[WhiteElo "1980"]
[BlackElo "1342"]
[PlyCount "53"]
[EventDate "2019.03.17"]
[EventType "tourn (corr)"]
[EventRounds "6"]
[EventCountry "GER"]
[SourceTitle "Corr 2022"]
[Source "ChessBase"]
[SourceDate "2021.10.24"]
[SourceVersion "1"]
[SourceVersionDate "2021.10.24"]
[SourceQuality "1"]

1. d4 d5 2. c4 e6 3. Nc3 Nf6 4. Bg5 Be7 5. e3 0-0 6. Nf3 Nbd7 7. Qc2 c6 8. Rd1 Re8 9. a3 a6 10. Bd3 h6 11. Bf4 dxc4 12. Bxc4 b5 13. Bd3 Bb7 14. 0-0 c5 15. dxc5 Bxf3 16. gxf3 Bxc5 17. Ne4 Qb6 18. Rc1 Nxe4 19. Bxe4 Ra7 20. Rfd1 f5 21. b4 fxe4 22. bxc5 Qa5 23. c6 Nf6 24. c7 Raa8 25. Be5 Qxa3 26. Bxf6 gxf6 27. Rd7 1-0

[Event "GER OS-368 email"]
[Site "GER email"]
[Date "2019.03.08"]
[Round "?"]
[White "Ramus, Norbert"]
[Black "Buchmann, Hans Peter"]
[Result "0-1"]
[WhiteElo "1342"]
[BlackElo "1616"]
[PlyCount "84"]
[EventDate "2019.03.17"]
[EventType "tourn (corr)"]
[EventRounds "6"]
[EventCountry "GER"]
[SourceTitle "Corr 2022"]
[Source "ChessBase"]
[SourceDate "2021.10.24"]
[SourceVersion "1"]
[SourceVersionDate "2021.10.24"]
[SourceQuality "1"]

1. d4 e6 2. Nf3 Nf6 3. e3 d5 4. Bd3 c5 5. c3 Nbd7 6. Nbd2 Qc7 7. 0-0 Be7 8. Qe2 b6 9. e4 dxe4 10. Nxe4 0-0 11. Bg5 cxd4 12. cxd4 Bb7 13. Rac1 Qb8 14. Bxf6 Nxf6 15. Rfd1 Rc8 16. Nxf6+ Bxf6 17. Ne5 Rxc1 18. Rxc1 g6 19. Nd7 Qd8 20. Nxf6+ Qxf6 21. Qe5 Qxe5 22. dxe5 Rd8 23. Rd1 Rd5 24. f4 Rd4 25. Bc2 Rxf4 26. Rd8+ Kg7 27. Rd7 Bd5 28. Rxa7 Rg4 29. g3 Rb4 30. b3 Rd4 31. Rd7 h6 32. Rd6 h5 33. h4 g5 34. hxg5 Rg4 35. g6 Rxg3+ 36. Kf1 fxg6 37. Rxb6 h4 38. Rb4 h3 39. Rh4 Rc3 40. Bd1 g5 41. Rh5 Rc1 42. Ke2 Rxd1 0-1

[Event "GER OS-367 email"]
[Site "GER email"]
[Date "2019.02.22"]
[Round "?"]
[White "Frey, Oswald"]
[Black "Ramus, Norbert"]
[Result "1/2-1/2"]
[WhiteElo "1280"]
[BlackElo "1385"]
[PlyCount "39"]
[EventDate "2019.03.02"]
[EventType "tourn (corr)"]
[EventRounds "6"]
[EventCountry "GER"]
[SourceTitle "Corr 2022"]
[Source "ChessBase"]
[SourceDate "2021.10.24"]
[SourceVersion "1"]
[SourceVersionDate "2021.10.24"]
[SourceQuality "1"]

1. e4 c5 2. Nf3 d6 3. Bb5+ Bd7 4. Bxd7+ Qxd7 5. Nc3 Nc6 6. d3 e6 7. 0-0 Nf6 8. Bg5 Be7 9. h3 h6 10. Bxf6 Bxf6 11. Qd2 Nd4 12. Nxd4 cxd4 13. Ne2 0-0 14. c3 dxc3 15. Nxc3 Rac8 16. d4 Rc4 17. Ne2 Rfc8 18. Rac1 Rxc1 19. Rxc1 Rxc1+ 20. Qxc1 1/2-1/2

[Event "GER OS-365 email"]
[Site "GER email"]
[Date "2019.02.02"]
[Round "?"]
[White "Ramus, Norbert"]
[Black "Kunze, Juergen"]
[Result "0-1"]
[WhiteElo "1385"]
[BlackElo "2010"]
[PlyCount "71"]
[EventDate "2019.02.11"]
[EventType "tourn (corr)"]
[EventRounds "6"]
[EventCountry "GER"]
[SourceTitle "Corr 2022"]
[Source "ChessBase"]
[SourceDate "2021.10.24"]
[SourceVersion "1"]
[SourceVersionDate "2021.10.24"]
[SourceQuality "1"]

1. d4 Nf6 2. c4 g6 3. Nc3 Bg7 4. e3 d5 5. Nf3 0-0 6. Bd2 e6 7. Rc1 Nbd7 8. cxd5 exd5 9. b4 c6 10. Be2 a6 11. 0-0 Re8 12. a4 Qe7 13. Qb3 Nb6 14. a5 Nbd7 15. Rfe1 Ne4 16. h3 Ndf6 17. Nxe4 Nxe4 18. Rc2 h5 19. Rec1 g5 20. Nh2 Qf6 21. Be1 Qh6 22. Bf3 Nf6 23. Qd3 g4 24. hxg4 hxg4 25. Be2 Bf8 26. g3 Bd6 27. Qd1 Kg7 28. Nxg4 Nxg4 29. Bxg4 Rh8 30. Bf3 Bh3 31. Rb2 f5 32. b5 Bg4 33. Bb4 Qh5 34. Bxd6 Bxf3 35. Be5+ Kf7 36. Qxf3 0-1

[Event "OP-2019-0-04711"]
[Site "LSS email"]
[Date "2019.01.17"]
[Round "?"]
[White "Pauk, Jozef"]
[Black "Ramus, Norbert"]
[Result "1-0"]
[WhiteElo "758"]
[BlackElo "1497"]
[PlyCount "22"]
[EventDate "2019.01.10"]
[EventType "tourn (corr)"]
[EventRounds "4"]
[EventCountry "GER"]
[SourceTitle "Corr 2022"]
[Source "ChessBase"]
[SourceDate "2021.10.24"]
[SourceVersion "1"]
[SourceVersionDate "2021.10.24"]
[SourceQuality "1"]

1. e4 e5 2. Nf3 Nc6 3. Bb5 a6 4. Bxc6 dxc6 5. Nxe5 Qd4 6. Nf3 Qxe4+ 7. Kf1 Bf5 8. d3 0-0-0 9. Nc3 Qe8 10. Be3 Nf6 11. Qd2 Be7 1-0

[Event "GER OS-361 email"]
[Site "GER email"]
[Date "2018.12.10"]
[Round "?"]
[White "Krumm, Guenther"]
[Black "Ramus, Norbert"]
[Result "1-0"]
[WhiteElo "1850"]
[BlackElo "1372"]
[PlyCount "49"]
[EventDate "2018.12.19"]
[EventType "tourn (corr)"]
[EventRounds "6"]
[EventCountry "GER"]
[SourceTitle "Corr 2022"]
[Source "ChessBase"]
[SourceDate "2021.10.24"]
[SourceVersion "1"]
[SourceVersionDate "2021.10.24"]
[SourceQuality "1"]

1. d4 d5 2. c4 c6 3. Nf3 Nf6 4. Nc3 e6 5. e3 Nbd7 6. Bd3 dxc4 7. Bxc4 b5 8. Be2 Bb7 9. 0-0 a6 10. e4 c5 11. e5 Nd5 12. a4 b4 13. Nxd5 Bxd5 14. Be3 Be7 15. Rc1 Qa5 16. dxc5 Bxc5 17. Nd4 0-0 18. Bc4 Bxc4 19. Rxc4 Rac8 20. Nxe6 fxe6 21. Qxd7 Qb6 22. a5 Qxa5 23. Rfc1 Qd8 24. Qxe6+ Kh8 25. Rxc5 1-0

[Event "GER OS-353 email"]
[Site "GER email"]
[Date "2018.08.31"]
[Round "?"]
[White "Ramus, Norbert"]
[Black "Wiesbrock, Hans Joachim"]
[Result "1-0"]
[WhiteElo "1497"]
[BlackElo "1529"]
[PlyCount "69"]
[EventDate "2018.09.08"]
[EventType "tourn (corr)"]
[EventRounds "6"]
[EventCountry "GER"]
[SourceTitle "Corr 2022"]
[Source "ChessBase"]
[SourceDate "2021.10.24"]
[SourceVersion "1"]
[SourceVersionDate "2021.10.24"]
[SourceQuality "1"]

1. c4 e5 2. Nc3 Nf6 3. g3 d5 4. cxd5 Nxd5 5. Bg2 Nf6 6. Nf3 Nc6 7. 0-0 Bc5 8. d3 Bf5 9. Bg5 h6 10. Bxf6 Qxf6 11. Nd5 Qd8 12. Nxe5 Nxe5 13. d4 c6 14. Ne3 Bh7 15. dxc5 0-0 16. Rc1 b6 17. Qxd8 Raxd8 18. cxb6 axb6 19. f4 Ng6 20. Rxc6 Rb8 21. Nd5 b5 22. Rc7 b4 23. b3 Rb5 24. Rfc1 Rbb8 25. R1c4 Ra8 26. f5 Ne5 27. Ne7+ Kh8 28. R4c5 Rae8 29. Rxe5 f6 30. Rb5 Rf7 31. Bd5 Rfxe7 32. Rxe7 Rxe7 33. Rb8+ Bg8 34. Bxg8 Rc7 35. Bf7+ 1-0

[Event "GER OS-346 email"]
[Site "GER email"]
[Date "2018.05.24"]
[Round "?"]
[White "Ramus, Norbert"]
[Black "Hummel, Armin"]
[Result "0-1"]
[WhiteElo "1497"]
[BlackElo "2021"]
[PlyCount "42"]
[EventDate "2018.06.12"]
[EventType "tourn (corr)"]
[EventRounds "6"]
[EventCountry "GER"]
[SourceTitle "Corr 2022"]
[Source "ChessBase"]
[SourceDate "2021.10.24"]
[SourceVersion "1"]
[SourceVersionDate "2021.10.24"]
[SourceQuality "1"]

1. e4 e6 2. d4 d5 3. Nc3 Bb4 4. e5 c5 5. a3 Bxc3+ 6. bxc3 Ne7 7. Nf3 Qa5 8. Bd2 Nbc6 9. a4 Bd7 10. Be2 Qc7 11. 0-0 0-0 12. Re1 b6 13. c4 cxd4 14. cxd5 Nxd5 15. Bb5 Rfd8 16. Rb1 a5 17. Rb2 Nc3 18. Bxc3 dxc3 19. Rb3 Nxe5 20. Nxe5 Bxb5 21. Qh5 Bxa4 0-1

[Event "GER OS-347 email"]
[Site "GER email"]
[Date "2018.05.24"]
[Round "?"]
[White "Ruppelt, Karl Heinz"]
[Black "Ramus, Norbert"]
[Result "1-0"]
[WhiteElo "1874"]
[BlackElo "1497"]
[PlyCount "83"]
[EventDate "2018.06.12"]
[EventType "tourn (corr)"]
[EventRounds "6"]
[EventCountry "GER"]
[SourceTitle "Corr 2022"]
[Source "ChessBase"]
[SourceDate "2021.10.24"]
[SourceVersion "1"]
[SourceVersionDate "2021.10.24"]
[SourceQuality "1"]

1. e4 e5 2. Nf3 Nc6 3. d4 d6 4. d5 Nb8 5. c4 Bg4 6. Be2 Nd7 7. Nc3 g6 8. Ng5 Bxe2 9. Qxe2 Bg7 10. 0-0 Ngf6 11. f3 0-0 12. Nh3 Re8 13. Be3 a6 14. Qd2 Qe7 15. Bg5 Qf8 16. b3 h6 17. Be3 b6 18. Nf2 Rac8 19. Nd3 Nh5 20. g4 Nhf6 21. Kh1 Nc5 22. Nb4 Nfd7 23. Rg1 Nf6 24. Rg3 h5 25. Nc6 hxg4 26. Bxc5 bxc5 27. fxg4 Bh6 28. g5 Nh5 29. gxh6 Nxg3+ 30. hxg3 f5 31. Qg5 Kh7 32. Kg2 f4 33. gxf4 Qxf4 34. Qxf4 exf4 35. Rh1 Rf8 36. e5 f3+ 37. Kf2 Rf4 38. e6 g5 39. e7 Re8 40. a3 Rg8 41. Nd8 Re8 42. Ne6 1-0

[Event "GER S3G3 enginefrei email"]
[Site "GER email"]
[Date "2018.03.17"]
[Round "?"]
[White "Ramus, Norbert"]
[Black "Drescher, Andreas"]
[Result "0-1"]
[WhiteElo "1581"]
[BlackElo "1718"]
[PlyCount "62"]
[EventDate "2018.03.26"]
[EventType "tourn (corr)"]
[EventRounds "6"]
[EventCountry "GER"]
[SourceTitle "Corr 2020"]
[Source "ChessBase"]
[SourceDate "2019.09.30"]
[SourceVersion "1"]
[SourceVersionDate "2019.09.30"]
[SourceQuality "1"]

1. d4 g6 2. c4 Nf6 3. Nc3 Bg7 4. Nf3 0-0 5. e4 d6 6. Be2 e5 7. 0-0 exd4 8. Nxd4 Re8 9. f3 c6 10. Kh1 Nh5 11. g4 Nf6 12. Be3 a6 13. Qd2 Nfd7 14. Bf2 b5 15. Rab1 Nb6 16. cxb5 axb5 17. a3 Bb7 18. Nc2 d5 19. Bxb6 Qxb6 20. exd5 Na6 21. d6 Rad8 22. Ne4 c5 23. d7 Re7 24. Qe1 Rdxd7 25. Qf2 Bxe4 26. fxe4 Rd2 27. Ne3 Qb7 28. Qf3 Qxe4 29. Qxe4 Rxe4 30. Bxb5 Rxe3 31. Bxa6 Rh3 0-1